01542nabaa22002297a 4500003000400000005001700004008004100021040000700062100003200069245021800101300001500319500003700334505055700371505008900928650002701017650002301044650003301067650002401100650003701124700003001161773012101191OSt20260125210358.0190701b xxu||||| |||| 00| 0 spa d cPJ aDepetris, Francisco José 10aDescentralización administrativa y autarquía :bun abordaje sobre la responsabilidad del Estado central por la actuación de sus entidades autárquicas /cFrancisco José Depetris, Federico Martín Caula.  ap. 118-126 aCita: TR LALEY AR/DOC/2733/2024  aSumario: I. La descentralización administrativa como herramienta de reparto de funciones estatales.— II. Autonomía y autarquía.— III. La responsabilidad estatal por la actuación de las entidades autárquicas.— IV. La responsabilidad del Estado central por las obligaciones de las entidades autárquicas. Regla general. Fundamentos propuestos.— V. Características de la responsabilidad.— VI. La evolución en la jurisprudencia de la provincia de Santa Fe.— VII. El enigma de la subsidiariedad.— VIII. Consideraciones finales.  t¿Te interesa el texto completo? Comunicate al correo: koha@justierradelfuego.gov.ar 0aDERECHO ADMINISTRATIVO 0aREFORMA DEL ESTADO 0aPROCEDIMIENTO ADMINISTRATIVO 0aACTO ADMINISTRATIVO 0aDESCENTRALIZACION ADMINISTRATIVA aCaula, Federico Martín 0 02842dBuenos Aires : AbeledoPerrot, 2012-oDA121tDerecho administrativo. Nº 156 noviembre/diciembre 2024z18510590